|
|
|
|
| LEADER |
00000nam0a2200000 4500 |
| 001 |
679630 |
| 005 |
20251211131505.0 |
| 090 |
|
|
|a 679630
|
| 100 |
|
|
|a 20250410d1979 u||y0rusy50 ca
|
| 101 |
0 |
|
|a rus
|
| 102 |
|
|
|a UZ
|
| 105 |
|
|
|a a z 001yy
|
| 181 |
|
0 |
|a i
|b e
|
| 182 |
|
0 |
|a n
|
| 183 |
|
0 |
|a nc
|2 RDAcarrier
|
| 200 |
1 |
|
|a Бентониты Каракалпакии
|f К. К. Курбаниязов, М. З. Закиров
|g Комплексный институт естественных наук УССР
|
| 203 |
|
|
|a Текст
|b визуальный
|c непосредственный
|
| 210 |
|
|
|a Ташкент
|c Фан
|d 1979
|
| 215 |
|
|
|a 200 с.
|c ил.
|
| 283 |
|
|
|a volume
|2 RDAcarrier
|
| 320 |
|
|
|a Литература: с. 150-159
|
| 606 |
|
|
|a Бентонитовые глины
|x Месторождения
|9 84774
|
| 610 |
1 |
|
|a минерализация
|
| 610 |
1 |
|
|a палеография
|
| 610 |
1 |
|
|a тектоника
|
| 610 |
1 |
|
|a геология
|
| 610 |
1 |
|
|a глинистые минералы
|
| 610 |
1 |
|
|a глинистые отложения
|
| 675 |
|
|
|a 553.611.6
|v 4
|
| 700 |
|
1 |
|a Курбаниязов
|b К. К.
|g Коптеу Курбаниязович
|
| 701 |
|
1 |
|a Закиров
|b М. З.
|g Маджид Закирович
|
| 712 |
|
1 |
|7 ca
|8 rus
|a Академия наук Узбекской ССР
|b Комплексный институт естественных наук
|c Нукус
|4 570
|9 88873
|
| 801 |
|
0 |
|a RU
|b 63413507
|c 20250410
|
| 830 |
|
|
|a Ретро2025Каталогизация Мотырева
|
| 850 |
|
|
|a 63413507
|
| 942 |
|
|
|c BK
|